000 00677nam a2200217Ia 4500
005 20241129110116.0
008 241129s9999||||xx |||||||||||||| ||und||
020 _a978-0-8214-2500-8
037 _aTB
040 _aARTS
_beng
_cARTS
041 _aeng
_2eng
084 _aO111:g R3
_qARTS
100 _aChoudhury Suchitra Au.
_9727230
245 0 _aTextile orientalisms: cashmere and paisley shawls in British literature and culture
_cChoudhury Suchitra Au.
260 _aUSA
_bOhio University Press
_c2022
300 _axiii,226p.
365 _aUSD
_b80
650 _aEnglish LiteratureCriticism
_9727231
942 _cTB
_hO111:g R3
999 _c1227336
_d1227336